000 00504nam a2200145 a 4500
008 120416s1948 ||||||||||||||||| || u
050 _aNA 7469 Bei
100 _aBeiers, George
245 1 0 _aHouses of Australia
246 _aa survey of domestic architecture
260 _aSydney
_bUre Smith
_c1948
300 _a112p. : ill.
350 _a0.00
995 _D0.00
_FCBU-MAIN LIBRARY (Kitwe)
_H1
_I0.00
_M1
_UAVAILABLE
_ZAnnex Low-Usage Collection
999 _c45717
_d45717